000 00587nam a2200181Ia 4500
003 IN-BaIIA
008 211028s9999 xx 000 0 eng d
040 _cIIA Library
080 _a523.9(063)
_bESA
100 _aRolfe, Eric
_915002
245 0 _aFuture missions in solar, heliospheric and space plasma physics
_cEric Rolfe
260 _aFrance
_bEuropean Space Agency
_c1985
300 _a[various pagings.]
650 _aAstronomy and astrophysics thesaurus
650 _aSolar physics
650 _aSpace plasma
_915003
942 _cBK
999 _c8927
_d8927